Les villes qui ont changées de pays - Statistiques

Statistiques générales
  • Ce quiz a été pris 74 fois
  • Le résultat moyen est 6 sur 15
Statistiques - réponses
1ere lettre Réponse % Correct
S (France) Strasbourg
91%
V (Lituanie) Vilnius
74%
H (Chine) Hong Kong
69%
N (France) Nice
61%
M (Russie) Moscou
56%
A (Syrie) Alep
51%
T (Italie) Trieste
46%
L (URSS / Ukraine) Lviv
41%
G (Royaume-Uni) Gibraltar
40%
D (Pologne) Dantzig
31%
C (Espagne) Ceuta
24%
C (Allemagne, sous Napoléon) Coblence
14%
M (Chine) Macau
10%
M (Lituanie) Memel
6%
T (Zone internationale) Tanger
6%
Aucun quiz correspondant
Distribution des résultats
% des personnes avec chaque résultat
Percentile par nombre de réponses
Votre historique - résultats
Vous n’avez pas pris ce quiz